What fits? Clash Royale - Statistics

General Stats
  • This quiz has been taken 165 times
  • The average score is 13 of 14
Answer Stats
Name one Answers possible Answer % Correct
Spell that spawns something 4 Goblin Barrel/Royal Delivery/Graveyard/Barbarian Barrel
97%
Invisible 3 Archer Queen/Royal Ghost/Suspicious Bush
96%
Valkiyre's family 5 Lumberjack/Rune Giant/Mother Witch/Royal Ghost/Berserker
96%
6 elixir Spell 2 Rocket/Lightning
96%
First three Champions ever 3 Golden Knight/Archer Queen/Skeleton King
95%
Spawner 2 Goblin Hut/Barbarian Hut
92%
6 elixir Building 2 X-Bow/Barbarian Hut
91%
Larry 1 Skeletons
89%
Royal 4 Royal Giant/Royal Delivery/Royal Recruits/Royal Hogs
88%
Flying not Dragon or Minion 4 Spirit Empress/Flying Machine/Baloon/Phoenix
88%
Evolved Goblin 3 Goblin Giant/Goblin Drill/Dart Goblin
86%
Rarity that starts at level 6 1 Epic
84%
Legendary Tower Troop 2 Dagger Duchess/Royal Chef
83%
? Spell 1 Mirror
78%
No matching quizzes found
Score Distribution
Percent of People with Each Score
Percentile by Number Answered
Your Score History
You have not taken this quiz